000 01096nam a2200337 c 4500
003 BLK
005 20180420220550.0
008 180407b bul|||||r ||||||| ||bul||
010 _aKNG00035205000
020 _a954-445-622-1
_bиздат.: Христо Ботев
040 _aBLK
041 _aBUL
_cBUL
072 7 _2bullib
_aЯ
_xАвтографи
080 _aБългарска литература
_b821.163.2
_x-191
_z821.163.2-191
100 1 _aАнтонов, Христо Христов
_eпърви автор
_9252735
139 _aАнтонов, Христо Христов
_bА 75
245 1 0 _aПоследователи Христови
_bБасни и притчи
_cХристо Христов Антонов.
257 _aBGR
260 София
_bХристо Ботев
_c2000
300 _a192 с.
_c20 см
380 _aX
500 _aОфс. изд.
653 _aбасни
653 _aпритчи
659 _aЯ
852 _aЦб 207339
856 4 _qpdf
_u
856 4 _qpdf
_u
942 _cKNG
_n0
944 _aCR
_c29.01.2003
_kAB_DOS
944 _aED
_c29.01.2003
_k
999 _c32532
_d32532